<?xml version="1.0" encoding="UTF-8"?>
<collection xmlns="http://www.loc.gov/MARC21/slim">
  <record>
    <leader>00000nam  2200000   4500</leader>
    <controlfield tag="001">INLIS000000000001717</controlfield>
    <controlfield tag="005">20180724142926</controlfield>
    <controlfield tag="008">180724|||||||||   |   |||   |||| ||   | </controlfield>
    <datafield tag="035" ind1=" " ind2=" ">
      <subfield code="0">010-0718001717</subfield>
    </datafield>
    <datafield tag="041" ind1=" " ind2=" ">
      <subfield code="a">id</subfield>
    </datafield>
    <datafield tag="082" ind1=" " ind2=" ">
      <subfield code="a">R.067</subfield>
    </datafield>
    <datafield tag="090" ind1=" " ind2=" ">
      <subfield code="a">R.067 PIM I 2017</subfield>
    </datafield>
    <datafield tag="100" ind1=" " ind2=" ">
      <subfield code="a">Pudjianto Sugeng</subfield>
    </datafield>
    <datafield tag="245" ind1=" " ind2=" ">
      <subfield code="a">Optimalisasi Pengawasan Dalam Rangka Mewujudkan Kinerja Aparat Pengawasan Yang Profesional, Proporsional Dan Berintegritas</subfield>
    </datafield>
    <datafield tag="260" ind1=" " ind2=" ">
      <subfield code="a">Jakarta</subfield>
      <subfield code="b">LAN Jakarta</subfield>
      <subfield code="c">2016</subfield>
    </datafield>
    <datafield tag="300" ind1=" " ind2=" ">
      <subfield code="a">v, 58 hlm., Ilus, 30 cm</subfield>
    </datafield>
    <datafield tag="500" ind1=" " ind2=" ">
      <subfield code="a">Project Leader selaku Inspektur III (saat ini menjabat sebagai Kepala Kejaksaan Tinggi Jawa Tengah), melakukan upaya untuk mengatasi hambatan/kendala melalui pendekatan/sosialisasi kepada stakeholder baik internal maupun eksternal.&#13;
Untuk internal Project Leader menemui dan menjelaskan Proyek Perubahan ini kepada beberapa  stakeholder di Kejaksaan Agung dan Kejaksaan Tinggi Jawa Tengah dalam berbagai acara dan kesempatan, dimana Project Leader melakukan sosialisasi terkait Proyek Perubahan optimalisasi pengawasan dalam rangka mewujudkan kinerja aparat pengawasan yang professional, proporsional dan berintegritas melalui perubahan orientasi dalam pelaksanaan inspeksi dan upaya penguatan organisasi pengawasan melalui penambahan struktur Inspektur, Inspektur Muda, Pemeriksa, Pemeriksa Pembantu di Bidang Keuangan, Perlengkapan dan Proyek Pembangunan dari tingkat pusat sampai ke tingkat daerah.</subfield>
    </datafield>
    <datafield tag="650" ind1=" " ind2=" ">
      <subfield code="a">Kinerja Aparatur</subfield>
    </datafield>
  </record>
</collection>
